000 00637nam a2200181Ia 4500
003 GCL
008 140319s9999 xx 000 0 ara d
040 _aGCL /
_cGCL
082 0 4 _a270
_bم م
100 1 _aمحمد ابوزهرة
245 1 0 _aمحاضرات فى النصرانية تبحث فى الادوار التى مرت عليها عقائد النصارى وفى كتبهم وفى مجامعهم المقدسة وفرقهم /
_cمحمد ابوزهرة
260 _a[S.N] :
_bدار الفكر العربى
300 _a184 ص
490 _a
650 0 4 _aالنصرانية
650 0 4 _aالمسيح
942 _2ddc
_cBK
999 _c47940
_d47940